| 000 | 01431cam a22002895a 4500 | ||
|---|---|---|---|
| 001 | zaspen b688080 | ||
| 003 | CPomAG | ||
| 005 | 20251119041802.0 | ||
| 008 | 080410| |||m ||| b||||||eng|| | ||
| 020 |
_a1420101854 _c$6.99 |
||
| 020 | _a9781420101850 | ||
| 035 | _a55851 | ||
| 040 |
_cCoLam _dCoLam |
||
| 041 | _aeng | ||
| 082 | 0 | 0 | _aFIC |
| 100 | 1 | _aMichaels, Fern. | |
| 245 | 1 | 0 |
_aHokus Pokus / _b _cFern Michaels. |
| 260 |
_bZebra _c20080401. |
||
| 300 | _ap 315. | ||
| 490 | 0 |
_aSisterhood series _v9. |
|
| 520 | _aOver eight previous delectable novels, the seven members of the Sisterhood have exacted multiple pounds of flesh from men who have wronged them. Michaels's latest revenge fantasy finds them living in exile in Barcelona, where they receive word that Pearl Barnes, chief justice of the U.S. Supreme Court, will expose one of their contacts in the U.S. if they don't help her keep her own deep dark secret. Barnes runs an underground railroad for women and children who have been abused by their husbands and boyfriends, and her former son-in-law, Tyler Hughes, has threatened to expose her illegal activities if she doesn't throw an upcoming vote. | ||
| 650 | 0 |
_aWomen judges _zUnited States _vFiction. _0(local)873046. |
|
| 655 | 7 |
_aLegal stories. _2gsafd _0(local)333339. |
|
| 655 | 0 |
_aSuspense fiction. _0(local)333335. |
|
| 800 | 1 |
_aMichaels, Fern. _tSisterhood ; _0(local)343211. |
|
| 942 | _cBK | ||
| 999 |
_c31197 _d31195 |
||